[Event "Komotini op"]
[Site "Komotini"]
[Date "1992.??.??"]
[Round "?"]
[White "Tzermiadianos, Andreas"]
[Black "Anastasian, Ashot"]
[Result "0-1"]
[WhiteElo "2300"]
[BlackElo "2490"]

1.e4 c5 2.c3 Nf6 3.e5 Nd5 4.d4 cxd4 5.Nf3 Nc6 6.Bc4 Nb6 7.Bb3 d5 8.exd6 Qxd6
9.O-O Bf5 10.Nxd4 Nxd4 11.cxd4 e6 12.Nc3 Be7 13.Qf3 O-O 14.Qxb7 Rfb8 15.Qf3 Qxd4
16.Bf4 Rd8 17.Rfe1 Qb4 18.Bc7 Re8 19.Ne4 a5 20.Be5 a4 21.Bc3 Qb5 22.Qg3 Bg6
23.Bc2 a3 24.Bd3 Qh5 25.b3 Nd5 26.Bd4 Nb4 27.Rad1 Rad8 28.Bb6 Rd5 29.h3 Bxe4  0-1

[Event "Kuopio op"]
[Site "Kuopio"]
[Date "1992.??.??"]
[Round "2"]
[White "Trabert, Bettina"]
[Black "Rashkovsky, Nukhim N"]
[Result "0-1"]
[WhiteElo "2145"]
[BlackElo "2530"]

1.e4 c5 2.c3 Nf6 3.e5 Nd5 4.d4 cxd4 5.Qxd4 e6 6.Nf3 Nc6 7.Qe4 f5 8.exf6 Nxf6
9.Qh4 d5 10.Bd3 Bd6 11.Bg6+ Kd7 12.Bc2 h6 13.Qa4 Qa5 14.Qxa5 Nxa5 15.O-O a6
16.b3 Nc6 17.a4 e5 18.Ba3 e4 19.Bxd6 Kxd6 20.Nd4 Nxd4 21.cxd4 Bd7 22.b4 Rac8
23.Bb3 Rhe8 24.Re1 e3 25.fxe3 Ng4 26.Nd2 Rxe3 27.h3 Rd3 28.hxg4 Rxd2 29.g5 Rc3
30.Bd1 Rg3 31.Re2 Rxd4 32.gxh6 gxh6 33.Rb2 Rgd3 34.Bf3 Rd2 35.Rb3 Bf5 36.b5 a5
37.Rc3 Rb4 38.Kf1 Rdd4 39.Bd1 Rb2 40.Bf3 Bc2 41.Rc8 Bxa4 42.Rd8+  0-1

[Event "Leeuwarden op"]
[Site "Leeuwarden"]
[Date "1992.??.??"]
[Round "3"]
[White "Van Mil, Johannes A J"]
[Black "Yakovich, Yuri"]
[Result "1-0"]
[WhiteElo "2450"]
[BlackElo "2520"]

1.e4 c5 2.c3 Nf6 3.e5 Nd5 4.d4 cxd4 5.Nf3 Nc6 6.Bc4 Nb6 7.Bb3 d5 8.exd6 Qxd6
9.Na3 dxc3 10.Qe2 cxb2 11.Bxb2 Qb4+ 12.Kf1 Bf5 13.Rd1 e6 14.Nb5 Rc8 15.Nfd4 a6
16.Nd6+ Bxd6 17.Nxf5 O-O 18.Nxd6 Rcd8 19.Qd2 Qxd2 20.Rxd2 Na5 21.Ke2 Rxd6
22.Rxd6 Nbc4 23.Bxc4 Nxc4 24.Rd4  1-0

[Event "Liechtenstein op"]
[Site "Liechtenstein"]
[Date "1992.??.??"]
[Round "?"]
[White "Handoko, Edhi"]
[Black "Kamber, Bruno"]
[Result "1-0"]
[WhiteElo "2390"]
[BlackElo "2290"]

1.e4 c5 2.c3 Nf6 3.e5 Nd5 4.d4 cxd4 5.Nf3 Nc6 6.Bc4 Nb6 7.Bb3 d6 8.exd6 Qxd6
9.O-O Be6 10.Bxe6 Qxe6 11.Nxd4 Nxd4 12.Qxd4 Rd8 13.Qh4 Qe2 14.Be3 e6 15.Nd2 h5
16.h3 Be7 17.Qg3 O-O 18.Rfe1 Qd3 19.Rad1 Na4 20.Nf1 Qxd1 21.Rxd1 Rxd1 22.Bd4 Rxd4
23.cxd4 Rc8 24.Qb3 Nb6 25.a4 Rc7 26.Ne3 Bg5 27.a5 Nc8 28.Qb5 Bxe3 29.fxe3 g6
30.Qe8+ Kg7 31.Kh2 Nd6 32.Qd8 Rc6 33.Qd7 h4 34.Qd8 Nc4 35.e4 Rd6 36.Qc7 Rxd4
37.Qc5 Rxe4 38.Qxa7 Ne3 39.Qxb7 Nf1+ 40.Kg1 Rf4 41.a6 Ng3 42.Qb5 Re4 43.a7 Re1+
44.Kf2 Ra1 45.Qb7  1-0

[Event "Linares NL"]
[Site "Linares"]
[Date "1992.??.??"]
[Round "?"]
[White "Sariego, Wilfredo"]
[Black "Vera, Reynaldo"]
[Result "1/2-1/2"]
[WhiteElo "2435"]
[BlackElo "2495"]

1.e4 c5 2.c3 Nf6 3.e5 Nd5 4.d4 cxd4 5.Nf3 e6 6.cxd4 b6 7.Nc3 Nxc3 8.bxc3 Qc7
9.Bd2 Bb7 10.Bd3 d6 11.O-O Nd7 12.Re1 dxe5 13.Nxe5 Nxe5 14.Rxe5 Bd6 15.Rh5 g6
16.Rh3 O-O 17.Qg4 f5 18.Qe2 Rae8 19.Bb5 Bc6 20.Bc4 Bd5 21.Bxd5 exd5 22.Qd3 Qc4
23.Qxc4 dxc4 24.Re3 Rxe3 25.fxe3 Kf7 26.Re1 Re8 27.Kf2 Ke6 28.e4 fxe4 29.Rxe4+ Kd7
30.Rxe8 Kxe8 31.g3  1/2-1/2

[Event "Ljubljana Iskra"]
[Site "Ljubljana"]
[Date "1992.??.??"]
[Round "?"]
[White "Mikac, Matjaz"]
[Black "Grosar, Aljosa"]
[Result "0-1"]
[WhiteElo "2425"]
[BlackElo "2455"]

1.e4 c5 2.c3 Nf6 3.e5 Nd5 4.d4 cxd4 5.Nf3 e6 6.cxd4 b6 7.Nc3 Nxc3 8.bxc3 Qc7
9.Bd2 Bb7 10.Bd3 d6 11.O-O Nd7 12.Ng5 dxe5 13.Qh5 g6 14.Qh3 Bg7 15.Rae1 Bd5
16.c4 Bb7 17.Bb4 Bf8 18.Bxf8 Rxf8 19.Qg3 h6 20.Nf3 O-O-O 21.d5 Nc5 22.Nxe5 exd5
23.cxd5 Kb8 24.Bc4 Bxd5 25.Bxd5 Rxd5 26.Nc6+ Kb7 27.Qxc7+ Kxc7 28.Nxa7 Ra8
29.Nb5+ Kc6 30.Nc3 Rd3 31.Rc1 Ra3 32.Ne4 Rxa2 33.Nxc5 bxc5 34.Rc4 Rdd2 35.Rf4 f5
36.g4 fxg4 37.Rxg4 g5 38.h4 Rd4  0-1

[Event "Ljubljana Iskra"]
[Site "Ljubljana"]
[Date "1992.??.??"]
[Round "?"]
[White "Sermek, Drazen"]
[Black "Grosar, Aljosa"]
[Result "1-0"]
[WhiteElo "2465"]
[BlackElo "2455"]

1.e4 c5 2.c3 Nf6 3.e5 Nd5 4.d4 cxd4 5.Nf3 e6 6.cxd4 b6 7.Bd3 Ba6 8.Bxa6 Nxa6
9.O-O Be7 10.Nbd2 O-O 11.Ne4 Nac7 12.Bg5 f6 13.exf6 Nxf6 14.Nc3 Nfd5 15.Bd2 Rc8
16.Qa4 Nxc3 17.bxc3 Nd5 18.c4 Nf4 19.Bxf4 Rxf4 20.Qxa7 Ra8 21.Qb7 Rb8 22.Qa6 Rxf3
23.gxf3 Bd6 24.Rfd1 Qh4 25.Kf1 Qxh2 26.Ke2 e5 27.c5 Be7 28.cxb6 Bh4 29.Qc4+ Kh8
30.Kd3 Bxf2 31.b7 e4+ 32.fxe4 Qg3+ 33.Kc2 h6 34.Qc8+ Kh7 35.Qxd7 Rf8 36.Rab1 Be3
37.Rb3 Rf2+ 38.Kb1 Qg2 39.b8=Q Qxe4+ 40.Rbd3 Rf1 41.Qb3  1-0

[Event "Ljubljana Iskra"]
[Site "Ljubljana"]
[Date "1992.??.??"]
[Round "?"]
[White "Sermek, Drazen"]
[Black "Kiselev, Sergey"]
[Result "1-0"]
[WhiteElo "2465"]
[BlackElo "2540"]

1.e4 c5 2.c3 Nf6 3.e5 Nd5 4.d4 cxd4 5.Nf3 Nc6 6.Bc4 Nb6 7.Bb3 d5 8.exd6 Qxd6
9.Na3 a6 10.O-O Bf5 11.Nxd4 Nxd4 12.cxd4 e6 13.Qf3 Qc6 14.d5 Nxd5 15.Rd1 Nb6
16.Qg3 Nd5 17.Nc4 Rd8 18.Ne3 Bg6 19.Nxd5 exd5 20.Bg5 f6 21.Rac1 Qe6 22.Re1 Be4
23.f3 Qf5 24.Bf4  1-0

[Event "Ljubljana op"]
[Site "Ljubljana"]
[Date "1992.??.??"]
[Round "3"]
[White "Gliksman, Darko"]
[Black "Tratar, Marko"]
[Result "1/2-1/2"]
[WhiteElo "2270"]
[BlackElo "2335"]

1.e4 c5 2.c3 Nf6 3.e5 Nd5 4.d4 cxd4 5.cxd4 d6 6.Nf3 Nc6 7.Bc4 Nb6 8.Bb3 dxe5
9.Nxe5 Nxe5 10.dxe5 Qxd1+ 11.Bxd1 Bd7 12.Bf3 Rc8 13.Be3 Bc6 14.Nd2 Bxf3 15.Nxf3 e6
16.Ke2 Nd5 17.Rac1 Rxc1 18.Rxc1 Kd7 19.Ne1 b6 20.Nd3 Be7 21.Nf4 Nxf4+ 22.Bxf4 Rc8
23.Rxc8 Kxc8 24.Kd3 Kb7 25.Bd2 Kc6 26.Ke4 Kb5 27.f4 a5 28.b3 a4 29.g4 Bb4
30.Bc1 Bc5 31.Bd2 Bg1 32.h4 axb3 33.axb3 Bc5 34.h5 g6  1/2-1/2

[Event "Ljubljana op"]
[Site "Ljubljana"]
[Date "1992.??.??"]
[Round "5"]
[White "Sermek, Drazen"]
[Black "Kiselev, Sergey"]
[Result "0-1"]
[WhiteElo "2465"]
[BlackElo "2540"]

1.e4 c5 2.c3 Nf6 3.e5 Nd5 4.d4 cxd4 5.Nf3 Nc6 6.Bc4 Nb6 7.Bb3 d5 8.exd6 Qxd6
9.Na3 a6 10.O-O e6 11.Nxd4 Nxd4 12.cxd4 Be7 13.Qf3 O-O 14.Rd1 Qc6 15.Qg3 Bd7
16.Bh6 Bf6 17.Re1 Qc8 18.Bc2 Re8 19.Bf4 Bc6 20.Be5 Qd8 21.Rad1 Rc8 22.Rd3 Bd5
23.Qf4 Bg5 24.Qg3 g6 25.Rc3 Be7 26.Rxc8 Nxc8 27.Bb3 Nd6 28.Bxd5 Qa5 29.Qc3 Qxd5
30.Bxd6 Bxd6 31.Qc4 Qa5 32.Re3 Rd8 33.g3 Qd2 34.Qc2 Qxd4 35.Rd3 Qf6 36.Qb3 b5
37.Nc2 Bc5 38.Rxd8+ Qxd8 39.Ne1 Qd2 40.Nd3 Bd4 41.Kg2 Qe2 42.h4 h5 43.a4 e5
44.axb5 axb5  0-1

[Event "Balkaniad"]
[Site "Mangalia"]
[Date "1992.??.??"]
[Round "1"]
[White "Tzermiadianos, Andreas"]
[Black "Petrov, Marijan"]
[Result "1-0"]
[WhiteElo "2265"]
[BlackElo "2265"]

1.e4 c5 2.c3 Nf6 3.e5 Nd5 4.d4 cxd4 5.Nf3 Nc6 6.Bc4 Nb6 7.Bb3 d5 8.exd6 Qxd6
9.O-O Be6 10.Na3 Bxb3 11.Qxb3 e6 12.Nb5 Qb8 13.Nbxd4 Be7 14.Nxc6 bxc6 15.Bg5 Bd6
16.Rad1 O-O 17.Rfe1 c5 18.Qb5 h6 19.Bh4 Nd5 20.Qxb8 Bxb8 21.c4 Nb4 22.Be7 Rc8
23.a3 Nc6 24.Bxc5 Na5 25.b4 Nxc4 26.Rd3 Bc7 27.Rc1 Nb2 28.Rd7 Na4 29.Be3 Bb6
30.Rxc8+ Rxc8 31.h4 Rc3 32.Bxb6 axb6 33.h5 Rxa3 34.Ne5 Nc3 35.Nxf7 Ne2+ 36.Kh2 Nf4
37.g4 Nd3  1-0

[Event "Manila ol (Men)"]
[Site "Manila"]
[Date "1992.??.??"]
[Round "?"]
[White "Donguines, Fernie"]
[Black "Cochrane, John Miles"]
[Result "1-0"]
[WhiteElo "2435"]
[BlackElo "2205"]

1.e4 c5 2.c3 Nf6 3.e5 Nd5 4.d4 cxd4 5.Nf3 e6 6.Bc4 Nb6 7.Bb3 Nc6 8.O-O d6
9.exd6 Bxd6 10.cxd4 O-O 11.Nc3 Nb4 12.Ne4 Be7 13.a3 N4d5 14.Bc2 f5 15.Nc5 Bxc5
16.dxc5 Nd7 17.b4 a5 18.Bb2 axb4 19.axb4 Rxa1 20.Bxa1 N7f6 21.Qb1 Qe8 22.b5 Bd7
23.Re1 Qh5 24.Be5 Rc8 25.c6 bxc6 26.b6 Qe8 27.b7 Rb8 28.Qb3 c5 29.Ra1 c4
30.Qb2 c3 31.Qb3  1-0

[Event "Manila ol (Men)"]
[Site "Manila"]
[Date "1992.??.??"]
[Round "?"]
[White "Donguines, Fernie"]
[Black "Kouatly, Bachar"]
[Result "0-1"]
[WhiteElo "2435"]
[BlackElo "2515"]

1.e4 c5 2.c3 Nf6 3.e5 Nd5 4.d4 cxd4 5.Nf3 e6 6.cxd4 b6 7.Nc3 Nxc3 8.bxc3 Qc7
9.Bd2 d6 10.Bd3 Nd7 11.O-O Bb7 12.Re1 dxe5 13.Nxe5 Nxe5 14.Rxe5 Bd6 15.Rh5 g6
16.Rh3 O-O 17.Qg4 f5 18.Qh4 Rf7 19.Rc1 Qc6 20.f3 b5 21.Bg5 Re8 22.Bf6 Be7
23.Bxe7 Rfxe7 24.Qg5 Qd5 25.Rh4 Rc7 26.Qg3 Rec8 27.Qg5 a6 28.a4 bxa4 29.c4 Qd8
30.Qh6 Qf6 31.Re1 a3 32.Ra1 Rd8 33.Qf4 Rcd7 34.Qh6 Qe7 35.d5 exd5 36.Kf1 d4
37.Re1 Qf6 38.Rf4 Re7 39.Ra1 Qe5 40.h4 a2 41.h5 Qe3 42.hxg6 Qxd3+ 43.Kf2 Qe3+
44.Kg3 hxg6 45.Rh1 Qe5 46.Qg5 d3  0-1

[Event "Manila ol (Men)"]
[Site "Manila"]
[Date "1992.??.??"]
[Round "?"]
[White "Godena, Michele"]
[Black "Urday, Henry"]
[Result "0-1"]
[WhiteElo "2425"]
[BlackElo "2480"]

1.e4 c5 2.c3 Nf6 3.e5 Nd5 4.d4 cxd4 5.Nf3 d6 6.cxd4 Nc6 7.Bc4 Nb6 8.Bb5 Bd7
9.Nc3 dxe5 10.dxe5 g6 11.O-O Bg7 12.Bf4 O-O 13.h3 Qc8 14.Qe2 a6 15.Bd3 Bf5
16.Rad1 Bxd3 17.Rxd3 Qe6 18.Bg3 Rad8 19.Rfd1 Qc8 20.Rxd8 Rxd8 21.Rxd8+ Qxd8
22.Qe4 Qd7 23.b3 Qf5 24.Qxf5 gxf5 25.Nh4 e6 26.f4 f6 27.exf6 Bxf6 28.Nb1 Nb4
29.a3 Nd3 30.Nf3 Nd5 31.Nbd2 N5xf4 32.Kf1 Kf7 33.Nc4 Ke7 34.Na5 b6 35.Nc6+ Ke8
36.b4 Bb2 37.a4 Nd5 38.Ng5 e5 39.Nxh7 e4 40.b5 a5 41.Bf2 Nxf2 42.Kxf2 Bc1
43.Ne5 Ke7 44.g4 Ke6 45.Nc4 Bh6 46.g5 Bg7 47.h4 f4 48.h5 Bd4+ 49.Ke1 e3 50.g6 Kf5
51.Nd6+ Kg4 52.h6 Bc3+ 53.Kd1 f3 54.g7 e2+ 55.Kc2 Ne7 56.Ne4 e1=Q 57.Nhf6+ Kf5
58.h7 Qxe4+  0-1

[Event "Manila ol (Women)"]
[Site "Manila"]
[Date "1992.??.??"]
[Round "?"]
[White "Peptan, Corina"]
[Black "Tazhieva, Lyazzat"]
[Result "1-0"]
[WhiteElo "2115"]
[BlackElo "2190"]

1.e4 c5 2.c3 Nf6 3.e5 Nd5 4.d4 cxd4 5.cxd4 d6 6.Nf3 Nc6 7.Bc4 Nb6 8.Bb5 d5
9.Nc3 Bg4 10.h3 Bh5 11.g4 Bg6 12.e6 f6 13.Bf4 a6 14.Bxc6+ bxc6 15.O-O Qc8
16.Qe2 h6 17.a4 a5 18.Nb5 Be4 19.Nc7+ Kd8 20.Nxa8 Nxa8 21.Nd2 g5 22.Nxe4 gxf4
23.Nc5 Nc7 24.Rfe1 h5 25.gxh5 Ne8 26.Nd7 Bh6 27.Qf3 Nd6 28.Ne5 Nf5 29.Kh1 Nxd4
30.Qd3  1-0

[Event "Manila ol (Women)"]
[Site "Manila"]
[Date "1992.??.??"]
[Round "?"]
[White "McLure, Alison"]
[Black "Belamaric, Tanja"]
[Result "1-0"]
[WhiteElo "2005"]
[BlackElo "2180"]

1.e4 c5 2.c3 Nf6 3.e5 Nd5 4.d4 d6 5.exd6 Qxd6 6.c4 Nb4 7.a3 N4c6 8.d5 Nd4
9.Nf3 e5 10.Nc3 Be7 11.Be2 a6 12.Nxd4 cxd4 13.Ne4 Qg6 14.Ng3 a5 15.O-O Bc5
16.Bh5 Qb6 17.Qe2 O-O 18.Qxe5 Nd7 19.Qg5 Nf6 20.Bf3 Ra6 21.Nf5 Bxf5 22.Qxf5 Qb3
23.Be2 Re8 24.Qd3 Rb6 25.Qxb3 Rxb3 26.Bd1 Rb6 27.b3 Ne4 28.Bc2 Nc3 29.Bd2 g6
30.Bh6 f5 31.g3 Kf7 32.Kg2 Re2 33.Bd3 Rb2 34.b4 axb4 35.axb4 R2xb4 36.Ra8 Ne4
37.Rh8 g5 38.Bxe4 fxe4 39.Bxg5 Kg6 40.Rg8+ Kf7 41.Rc8 Rxc4 42.Re1 d3 43.Be3 Bb4
44.Rxc4  1-0

[Event "Manila ol (Women)"]
[Site "Manila"]
[Date "1992.??.??"]
[Round "?"]
[White "Karakashian, Narine"]
[Black "Malajovich, Sandra"]
[Result "1-0"]
[WhiteElo "2175"]
[BlackElo "2175"]

1.e4 c5 2.c3 Nf6 3.e5 Nd5 4.d4 d6 5.Nf3 cxd4 6.Qxd4 e6 7.exd6 Bxd6 8.Na3 Nc6
9.Bb5 a6 10.Nc4 Qc7 11.Bxc6+ bxc6 12.O-O f6 13.Re1 Be7 14.Qg4 O-O 15.Nd4 e5
16.Ne6 Bxe6 17.Qxe6+ Kh8 18.Ne3 Nf4 19.Qc4 Rfd8 20.Nf5 Nd3 21.Rd1 Nxc1 22.Raxc1 Bf8
23.Ne3 Qb7 24.Qe2 Qb5 25.Qc2 Bc5 26.a4 Qb7 27.Nc4 Rd5 28.b4 Ba7 29.Na5 Qc7
30.Nb3 Rad8 31.c4 R5d7 32.c5 Rd5 33.Rxd5 Rxd5 34.Rd1 Rxd1+ 35.Qxd1 Kg8 36.g3 Qc8
37.Qd6 Bb8 38.Qd3 h6 39.Na5 Kf7 40.Qe4 Qd7 41.Qxc6 Qxc6 42.Nxc6 Bc7 43.b5  1-0

[Event "Manila ol (Women)"]
[Site "Manila"]
[Date "1992.??.??"]
[Round "?"]
[White "Johnsen, Sylvia"]
[Black "Jahn, Constanze"]
[Result "0-1"]
[WhiteElo "2040"]
[BlackElo "2210"]

1.e4 c5 2.c3 Nf6 3.e5 Nd5 4.d4 cxd4 5.Qxd4 e6 6.Nf3 Nc6 7.Qe4 d6 8.exd6 Nf6
9.Qc2 Bxd6 10.Bd3 h6 11.O-O O-O 12.Qe2 e5 13.Nbd2 Re8 14.Ne4 Nxe4 15.Qxe4 f5
16.Bc4+ Kh7 17.Qh4 Qxh4 18.Nxh4 g5 19.Rd1 Bc5 20.Nf3 e4 21.Nd4 Ne5 22.Bb5 Re7
23.Nb3 Bb6 24.Be3 Bxe3 25.fxe3 Ng4 26.Re1 a6 27.Bf1 Bd7 28.Nd4 f4 29.exf4 gxf4
30.Rad1 Ne3 31.Rd2 Rg8 32.Rf2 Bh3 33.Rxf4 Nxg2 34.Bxg2 Rxg2+ 35.Kh1 Rxb2
36.Rh4 Bg2+ 37.Kg1 Rg7 38.Nf5 Rg6 39.Ng3 Bf3 40.Rf4 Rg2+ 41.Kf1 Rxh2 42.Nxe4 Bg2+
43.Kg1 Rh1+ 44.Kf2 Rxe1 45.Kxe1 Re6 46.Rf6 Rxe4+  0-1

[Event "Manila ol (Women)"]
[Site "Manila"]
[Date "1992.??.??"]
[Round "?"]
[White "Jahn, Constanze"]
[Black "Vujosevic, Smilja"]
[Result "1-0"]
[WhiteElo "2210"]
[BlackElo "2090"]

1.e4 c5 2.c3 Nf6 3.e5 Nd5 4.d4 cxd4 5.Nf3 e6 6.cxd4 d6 7.a3 Bd7 8.Bd3 Bc6
9.O-O Be7 10.Nc3 a6 11.Ne4 dxe5 12.dxe5 Nd7 13.Neg5 h6 14.Nxe6 fxe6 15.Bg6+ Kf8
16.Nd4 Nc7 17.Nxc6 bxc6 18.Qf3+ Nf6 19.exf6 Bxf6 20.Qxc6 Qc8 21.Re1 Rb8 22.Bf4 Nd5
23.Qd6+ Ne7 24.Rxe6 Rb6 25.Qxb6 Nxg6 26.Rxf6+ Kg8 27.Rxg6 Qf5 28.Qe6+  1-0

[Event "Manila ol (Women)"]
[Site "Manila"]
[Date "1992.??.??"]
[Round "?"]
[White "Jahn, Constanze"]
[Black "Kunte, Mrunalini"]
[Result "1/2-1/2"]
[WhiteElo "2210"]
[BlackElo "2090"]

1.e4 c5 2.c3 Nf6 3.e5 Nd5 4.d4 cxd4 5.Nf3 Nc6 6.Bc4 e6 7.cxd4 d6 8.a3 Be7
9.O-O O-O 10.Qe2 Qc7 11.Bd2 Rd8 12.Nc3 Nxc3 13.Bxc3 dxe5 14.dxe5 b6 15.Rac1 Bb7
16.Bd3 Rac8 17.Rfd1 Qb8 18.Qe4 g6 19.Qf4 Rd7 20.Ng5 Bxg5 21.Qxg5 Rcd8 22.Be2 Rxd1+
23.Bxd1 Rd7 24.Ba4 Qd8 25.Qxd8+ Rxd8 26.f3 Ne7 27.Kf2 Nd5 28.Bd2 Kg7 29.Bb3 Rc8
30.Rxc8 Bxc8 31.Bxd5 exd5 32.Ke3 f6 33.Kd4 Be6 34.b4 Kf7 35.Bf4 f5 36.Bg5 Ke8
37.g4 fxg4 38.fxg4 Kd7 39.Bc1 Kc6 40.g5 Kb5 41.Kd3 a5 42.Bd2 Bf5+  1/2-1/2

[Event "Manila ol (Women)"]
[Site "Manila"]
[Date "1992.??.??"]
[Round "?"]
[White "De Greef, Heleen"]
[Black "Maskova, Jana"]
[Result "0-1"]
[WhiteElo "2180"]
[BlackElo "2235"]

1.e4 c5 2.c3 Nf6 3.e5 Nd5 4.d4 cxd4 5.Nf3 e6 6.cxd4 b6 7.Nc3 Nxc3 8.bxc3 Qc7
9.Bd2 d6 10.Bd3 Nd7 11.O-O dxe5 12.Re1 Bb7 13.Nxe5 Nxe5 14.Rxe5 Bd6 15.Rh5 g6
16.Rh3 h5 17.Bb5+ Bc6 18.Qf3 Rc8 19.Bxc6+ Qxc6 20.Qf6 Rh7 21.Bg5 Qd5 22.Rf3 Kd7
23.h4 Re8 24.c4 Qxc4 25.Rc1 Qd5 26.g3 Qe4 27.Rfc3 Qf5 28.Rc6 Rhh8 29.f4 Rhg8
30.Kf2 Qxf6 31.Bxf6 Rc8 32.Rxc8 Rxc8 33.Rxc8 Kxc8 34.Kf3 Kd7 35.g4 Kc6 36.gxh5 gxh5
37.Ke4 b5 38.f5 b4 39.Be5 a5 40.fxe6 fxe6 41.Bf6 a4 42.Bg5 Bg3 43.Be7 Be1
44.Ke5 Kd7 45.Bf8 b3 46.axb3 axb3 47.Ba3 Bc3 48.Kf4 Bxd4 49.Kg5 b2 50.Bxb2 Bxb2
51.Kxh5 Kd6 52.Kg4 Kd5 53.h5 Bg7 54.Kg5 e5 55.Kg6 Bf8 56.Kf7 Bh6 57.Kg6 Bf4
58.Kf5 Kd4 59.Kg4 Bh6 60.Kf5 e4 61.Kg6 Bc1 62.Kf5 Kd3  0-1

[Event "Manila ol (Women)"]
[Site "Manila"]
[Date "1992.??.??"]
[Round "?"]
[White "Coull, Alison"]
[Black "Licina, Anita"]
[Result "1-0"]
[WhiteElo "2005"]
[BlackElo "2025"]

1.e4 c5 2.c3 Nf6 3.e5 Nd5 4.d4 cxd4 5.Nf3 e6 6.Bc4 Nb6 7.Bb3 dxc3 8.Nxc3 d5
9.exd6 Bxd6 10.O-O Nc6 11.Qe2 Qe7 12.a4 h6 13.Rd1 Nd7 14.Ne4 Bc7 15.Be3 b6
16.a5 Nxa5 17.Rxa5 bxa5 18.Qc4 Qb4 19.Qxc7 Qxe4 20.Bc5 Qf5 21.Ba4 e5 22.Nxe5 f6
23.Nxd7 Kf7 24.Nf8+  1-0

[Event "Manila ol (Women)"]
[Site "Manila"]
[Date "1992.??.??"]
[Round "?"]
[White "Babaeva, F."]
[Black "Veroci, Zsuzsa"]
[Result "1/2-1/2"]
[WhiteElo "2065"]
[BlackElo "2310"]

1.e4 c5 2.c3 Nf6 3.e5 Nd5 4.d4 cxd4 5.Qxd4 e6 6.Nf3 Nc6 7.Qe4 d6 8.exd6 Bxd6
9.Bd3 Nf6 10.Qe2 O-O 11.O-O Qc7 12.Bg5 Be7 13.Nbd2 h6 14.Bh4 Nh5 15.Bxe7 Qxe7
16.Bc2 Bd7 17.Ne5 Nxe5 18.Qxe5 Nf6 19.Ne4 Bc6 20.Nxf6+ Qxf6 21.Qxf6 gxf6
22.Rfd1 Rfd8 23.Rxd8+ Rxd8 24.Rd1 Rc8 25.f3  1/2-1/2

[Event "Manila ol (Men)"]
[Site "Manila"]
[Date "1992.??.??"]
[Round "?"]
[White "Motwani, Paul"]
[Black "Yrjola, Jouni"]
[Result "1/2-1/2"]
[WhiteElo "2455"]
[BlackElo "2485"]

1.e4 c5 2.c3 Nf6 3.e5 Nd5 4.d4 cxd4 5.Nf3 Nc6 6.Bc4 Nb6 7.Bb3 d6 8.exd6 Qxd6
9.O-O Be6 10.Na3 Bxb3 11.axb3 a6 12.Nxd4 Nxd4 13.Be3 Nf5 14.Qxd6 Nxd6 15.Bxb6 e6
16.Rfd1 Rc8 17.b4 Be7 18.Rd3 Rc6 19.Bc5 Ne4 20.Bxe7  1/2-1/2

[Event "Manila ol (Men)"]
[Site "Manila"]
[Date "1992.??.??"]
[Round "?"]
[White "O'Donnell, Tom"]
[Black "Koch, Jean Rene"]
[Result "1/2-1/2"]
[WhiteElo "2390"]
[BlackElo "2460"]

1.e4 c5 2.c3 Nf6 3.e5 Nd5 4.d4 cxd4 5.Nf3 e6 6.cxd4 b6 7.Bd3 Ba6 8.O-O Qc8
9.a3 h6 10.b4 Bxd3 11.Qxd3 Be7 12.Ra2 O-O 13.Nbd2 Qa6 14.Qb3 Qb7 15.Rc2 b5
16.Ne4 a5 17.Nc5 Bxc5 18.bxc5 Nc6 19.Bd2 a4 20.Qb1 b4 21.Qc1 Qa6 22.Be1 Qd3
23.Bxb4 Ncxb4 24.axb4 Nxb4 25.Rc3 Qf5 26.Qb1 Qxb1 27.Rxb1 a3 28.Kf1 a2 29.Ra1 Ra4
30.Rc4 Rb8 31.Ke2 Ra3 32.Nd2 Nc6 33.Kd1 f6 34.exf6 gxf6 35.Rc2 Rba8 36.Nc4 Rd3+
37.Ke2 Rxd4 38.Nb6 Ra5 39.Raxa2 Kf7 40.Rxa5 Nxa5 41.Ke3 e5 42.g3 Ke6 43.f4 Nc6
44.fxe5 fxe5 45.Rc4 h5 46.Rxd4 Nxd4 47.Ke4 Nb3 48.Nxd7 Kxd7 49.Kxe5 Nxc5
50.Kf5 h4 51.gxh4 Ke7 52.h5 Nd7 53.h6 Kf8 54.h7 Kg7 55.h8=Q+  1/2-1/2

[Event "Manila ol (Men)"]
[Site "Manila"]
[Date "1992.??.??"]
[Round "?"]
[White "Rozentalis, Eduardas"]
[Black "Kotronias, Vasilios"]
[Result "1/2-1/2"]
[WhiteElo "2585"]
[BlackElo "2560"]

1.e4 c5 2.c3 Nf6 3.e5 Nd5 4.g3 Nc6 5.Bg2 Qc7 6.f4 e6 7.Qe2 Be7 8.Nf3 a6 9.O-O b5
10.a4 bxa4 11.Rxa4 Nb6 12.Ra1 c4 13.d3 cxd3 14.Qxd3 a5 15.Rd1 Ba6 16.Qe4 O-O
17.Na3 Rab8 18.f5 exf5 19.Qxf5 Be2 20.Re1 Bxf3 21.Bxf3 Bc5+ 22.Kh1 Bxa3 23.Rxa3 Nc4
24.Ra4 N6xe5 25.Bd5 d6 26.Re2 Qc8 27.Qe4 Nb6 28.Rxa5 Nxd5 29.Rxd5 Qa6 30.Kg2 Rbe8
31.Re1  1/2-1/2

[Event "Manila ol (Men)"]
[Site "Manila"]
[Date "1992.??.??"]
[Round "?"]
[White "Sarapu, Ortvin"]
[Black "Silva, Sebastain"]
[Result "0-1"]
[WhiteElo "2350"]
[BlackElo "2355"]

1.e4 c5 2.c3 Nf6 3.e5 Nd5 4.d4 cxd4 5.cxd4 d6 6.Nf3 Nc6 7.a3 Bg4 8.Nbd2 e6
9.Qb3 Qb6 10.Qxb6 Nxb6 11.h3 Bh5 12.Bb5 d5 13.b4 a5 14.bxa5 Rxa5 15.Be2 Bg6
16.Nb3 Ra7 17.Kd2 Be7 18.Bb5 O-O 19.Bb2 Be4 20.Ke3 Rfa8 21.Nc5 Bxf3 22.gxf3 Nxe5
23.dxe5 Bxc5+ 24.Bd4 Rxa3+ 25.Rxa3 Rxa3+  0-1

[Event "Moscow VDFSO"]
[Site "Moscow"]
[Date "1992.??.??"]
[Round "?"]
[White "Vorotnikov, Vladislav V"]
[Black "Muhutdinov, Marat"]
[Result "1-0"]
[WhiteElo "2430"]
[BlackElo "2440"]

1.e4 c5 2.c3 Nf6 3.e5 Nd5 4.d4 cxd4 5.Qxd4 e6 6.Nf3 Nc6 7.Qe4 Qc7 8.Nbd2 f5
9.exf6 Nxf6 10.Qh4 Be7 11.Bd3 Ne5 12.Bc2 b6 13.Qg3 Nxf3+ 14.gxf3 d6 15.Qxg7 Rg8
16.Qh6 Bb7 17.Ne4 Rg6 18.Nxf6+ Rxf6 19.Qxh7 Bxf3 20.Ba4+ Bc6 21.Bxc6+ Qxc6
22.Rg1 Qf3 23.Be3 Rf7 24.Qg6 Kd7 25.Qg2 Rh8 26.a4 d5 27.Qxf3 Rxf3 28.Rg7 Rxh2
29.Ke2 Rfh3 30.a5 Rh7 31.axb6 Rxg7 32.bxa7 Rg8 33.Bf4 Rhh8 34.Be5 Bf6 35.Bxf6 Rh6
36.Be5 Ra8 37.Ra6 Rh4 38.Bb8 Rc4 39.Kd3 Rc8 40.Rd6+ Ke7 41.Rb6 Kf6 42.b4 Kf5
43.f4 Kf6 44.Be5+  1-0

[Event "Moscow VDFSO"]
[Site "Moscow"]
[Date "1992.??.??"]
[Round "?"]
[White "Vorotnikov, Vladislav V"]
[Black "Gorbatow, Alexej"]
[Result "1-0"]
[WhiteElo "2430"]
[BlackElo "2380"]

1.e4 c5 2.c3 Nf6 3.e5 Nd5 4.d4 cxd4 5.Qxd4 e6 6.Nf3 Nc6 7.Qe4 f5 8.Qe2 Qc7
9.g3 d6 10.exd6 Bxd6 11.Bg2 O-O 12.O-O Nf6 13.c4 e5 14.c5 Be7 15.Nc3 a6 16.Qc4+ Kh8
17.b4 h6 18.Na4 Bd7 19.Nb6 Rad8 20.Nxd7 Qxd7 21.Bb2 e4 22.Nh4 Kh7 23.f3 Nd5
24.Rad1 Bxh4 25.gxh4 e3 26.f4 e2 27.Qxe2 Nxf4 28.Qf3 Nd3 29.Bh3 Ne7 30.Qg3 g5
31.hxg5 Rg8 32.Bf6 Rg6 33.Bxe7 Qxe7 34.Bxf5 Nxb4 35.Rxd8  1-0

[Event "Alekhine op"]
[Site "Moscow"]
[Date "1992.??.??"]
[Round "?"]
[White "Gurieli, Nino"]
[Black "Brodsky, Michail"]
[Result "0-1"]
[WhiteElo "2375"]
[BlackElo "2540"]

1.e4 c5 2.c3 Nf6 3.e5 Nd5 4.d4 cxd4 5.Nf3 Nc6 6.Bc4 Nb6 7.Bb3 d5 8.exd6 Qxd6
9.cxd4 Be6 10.O-O Bxb3 11.Qxb3 e6 12.Nc3 Be7 13.Nb5 Qd8 14.Bf4 Rc8 15.Rac1 O-O
16.Rxc6 Rxc6 17.Nxa7 Rc4 18.a3 Ra4 19.Nb5 Qd5 20.Qd3 Qc4 21.Qxc4 Rxc4 22.Rb1 Nd5
23.Bd2 Rfc8 24.Kf1 f6 25.Ke2 R8c6 26.Kd3 Ra4 27.Re1 Kf7 28.Re2 Raa6 29.Nc3 Nxc3
30.Bxc3 b5 31.Nd2 Ra8 32.Nb3 Rd8 33.f4 Rd5 34.Na5 Rc7 35.b4 h5 36.Nb3 Bd6
37.g3 h4 38.Nc5 Bxc5 39.bxc5 Rcxc5 40.gxh4 Rc4 41.Rb2 Ra4 42.Bb4 Kg6 43.Rg2+ Kh6
44.Ke4 Rh5 45.Rc2 Rxh4 46.Rc6 g5 47.Rxe6 Rxf4+ 48.Ke3 Kg6 49.d5 Ra7 50.d6 Rd7
51.Re4 Rf1 52.h4 Rd1 53.hxg5 fxg5 54.Re5 Rf7 55.Ke2 Rd4 56.Rxb5 g4 57.Rb8 Kf5
58.Ke3 Re4+ 59.Kd3 g3 60.Rg8 Rg4 61.Rxg4 Kxg4 62.Ke4 Rf4+ 63.Ke5 g2  0-1

[Event "Moscow rapid"]
[Site "Moscow"]
[Date "1992.??.??"]
[Round "?"]
[White "Smagin, Sergey"]
[Black "Salov, Sergei"]
[Result "1-0"]
[WhiteElo "2520"]
[BlackElo "2240"]

1.e4 c5 2.c3 Nf6 3.e5 Nd5 4.d4 cxd4 5.Nf3 Nc6 6.Bc4 Nb6 7.Bb3 d5 8.exd6 Qxd6
9.O-O Be6 10.Na3 dxc3 11.Nb5 Qxd1 12.Rxd1 Rc8 13.Bxe6 fxe6 14.Nxc3 h6 15.Ne4 g5
16.h4 g4 17.Nh2 Rg8 18.b3 Nd5 19.Bb2 Bg7 20.Bxg7 Rxg7 21.Rac1 Rg8 22.Rc4 Kf7
23.Rdc1 Rcd8 24.Nc5 b5 25.Rxg4 Nf6 26.Rxg8 Rxg8 27.Nxe6 Nb4 28.Nd4 Nxa2 29.Ra1 Nc3
30.Rxa7 Rd8 31.Nhf3 Ng4 32.g3 Rd5 33.Kg2 Kf6 34.Ra6+ Kf7 35.Rb6 e5 36.Nf5 e4
37.N3d4 h5 38.b4 Na2 39.Nd6+ Ke7 40.N6xb5 Nxb4 41.Re6+ Kf7 42.Rxe4 Nd3 43.f3 Nge5
44.Re3  1-0

[Event "Munich op9192"]
[Site "Munich"]
[Date "1992.??.??"]
[Round "1"]
[White "Braeuning, Rudolf Wilhelm"]
[Black "Yakovich, Yuri"]
[Result "0-1"]
[WhiteElo "2355"]
[BlackElo "2560"]

1.e4 c5 2.c3 Nf6 3.e5 Nd5 4.d4 cxd4 5.Nf3 Nc6 6.Bc4 Nb6 7.Bb3 d5 8.exd6 Qxd6
9.O-O Be6 10.Na3 dxc3 11.Nb5 Qxd1 12.Rxd1 Rc8 13.Bxe6 fxe6 14.bxc3 Nc4 15.Ng5 e5
16.Ne6 Kf7 17.Nbc7 g6 18.f4 Bg7 19.fxe5 N4xe5 20.Rf1+ Bf6 21.Bh6 g5 22.Bxg5 Nd8
23.Nxd8+ Rhxd8 24.Rae1 Rxc7 25.Rxe5 Rd3 26.Bxf6 exf6 27.Rh5 Kg6 28.Rh4 Rdxc3
29.Rg4+ Kf7 30.Rh4 Kg8 31.Rxf6 Rc1+ 32.Kf2 R1c2+ 33.Kg3 Rxa2 34.Rg4+ Rg7
35.Rxg7+ Kxg7 36.Rd6 Rb2 37.Kf4 a5 38.g4 a4 39.h4 a3 40.Rd3 Rb4+ 41.Ke5 Ra4
42.Rd1 Rxg4 43.Rd7+ Kh6 44.Rxb7 Ra4 45.Rb1 a2 46.Ra1 Kh5  0-1